| 000 | 00763nam a2200205 4500 | ||
|---|---|---|---|
| 001 | 143147 | ||
| 003 | ES-MaACL | ||
| 005 | 20250809045728.0 | ||
| 007 | t| | ||
| 008 | 070214s1981 sp r ||||1| spa d | ||
| 100 | 1 |
_aSemenov, S. A. _9105378 |
|
| 245 | 1 | 0 |
_aTecnología prehistórica _b: estudio de las herramientas y objetos antiguos a través de las huellas de uso / _cS. A. Semenov ; prólogo y edición española de Assumpció Vila i Mitja. |
| 260 |
_aMadrid : _bAkal, _c1981. |
||
| 300 |
_aIV, 370 p. ; _c22 cm. |
||
| 490 | 1 |
_aAkal universitaria. Serie arqueología ; _v6 |
|
| 700 | 1 |
_aVila i Mitja, Assumpció. _9114724 |
|
| 830 | 0 | 0 |
_aAkal universitaria. _pArqueología _v6 _9181489 |
| 852 |
_aES-MaACL _jL-1828 _bR.102428 |
||
| 999 |
_c143147 _d143147 |
||